| 000 -LEADER |
| fixed length control field |
00348nam a2200133Ia 4500 |
| 008 - FIXED-LENGTH DATA ELEMENTS--GENERAL INFORMATION |
| fixed length control field |
221224s9999||||xx |||||||||||||| ||und|| |
| 082 ## - DEWEY DECIMAL CLASSIFICATION NUMBER |
| Classification number |
242 |
| Item number |
MVV/R |
| 100 ## - MAIN ENTRY--PERSONAL NAME |
| Personal name |
M. V. V. V. V. Peetham, Maharshi nagar |
| 245 #0 - TITLE STATEMENT |
| Title |
Rigveda sanhita: Mool Matram. |
| 250 ## - EDITION STATEMENT |
| Edition statement |
1st Edition |
| 260 ## - PUBLICATION, DISTRIBUTION, ETC. |
| Place of publication, distribution, etc. |
Delhi |
| Name of publisher, distributor, etc. |
Nag Publishers&c2000 |
| 300 ## - PHYSICAL DESCRIPTION |
| Extent |
1268 |
| 942 ## - ADDED ENTRY ELEMENTS (KOHA) |
| Koha item type |
|